Bài tập Ngữ văn 11 nâng cao

Zapisane w:
Opis bibliograficzny
1. autor: Huỳnh, Văn Hoa
Format: Książka
Język:Undetermined
Wydane: Hà Nội Giáo dục Việt Nam 2010
Hasła przedmiotowe:
Etykiety: Dodaj etykietę
Nie ma etykietki, Dołącz pierwszą etykiete!
Thư viện lưu trữ: Trung tâm Học liệu Trường Đại học Cần Thơ
LEADER 00681nam a2200205Ia 4500
001 CTU_185087
008 210402s9999 xx 000 0 und d
020 |c 26000 
082 |a 495.922076 
082 |b H401/T.1 
100 |a Huỳnh, Văn Hoa 
245 0 |a Bài tập Ngữ văn 11 nâng cao 
245 0 |c Huỳnh Văn Hoa, Nguyễn Minh Hùng, Trương Văn Quang (Chủ biên) 
260 |a Hà Nội 
260 |b Giáo dục Việt Nam 
260 |c 2010 
650 |a Philology,Ngữ văn 
650 |x Study and teaching (Secondary),Dạy và học (Trung học) 
904 |i Hải 
980 |a Trung tâm Học liệu Trường Đại học Cần Thơ